| 000 | 00840cab a2200253 4500 | ||
|---|---|---|---|
| 001 | ABS51308 | ||
| 008 | 090401t1994 xxu||||| |||| 00| 0 eng d | ||
| 035 | _a(Sirsi) u21088 | ||
| 041 | _aeng | ||
| 100 | _aTurner, N. | ||
| 245 | _aLegal update: the rating appeals system | ||
| 260 | _c1994 | ||
| 350 | _a0 | ||
| 490 |
_aJournal of Property Valuation and Investment _v12(3) 1994, 63-81(19) |
||
| 520 | _aExamines General Rate Act 1967 s20, analyses relevant case law relating to implementation of the section, and its replacement, Local Government Act 1988 sch 6 para (2)(7). | ||
| 650 | _aADDIS V CLEMENTS | ||
| 650 | _aGENERAL RATE ACT 1967 S20 | ||
| 650 | _aLOCAL GOVERNMENT FINANCE ACT 1988 | ||
| 650 | _aRATING APPEALS | ||
| 690 | _aRATING AND VALUATION | ||
| 700 | _aPlimmer, F. | ||
| 942 | _n0 | ||
| 948 | _c04/03/1997 | ||
| 999 |
_c14151 _d14151 |
||